Forever odd (Record no. 27076)

000 -LEADER
fixed length control field 00327nam a2200133Ia 4500
008 - FIXED-LENGTH DATA ELEMENTS--GENERAL INFORMATION
fixed length control field 230801s9999||||xx |||||||||||||| ||und||
020 ## - INTERNATIONAL STANDARD BOOK NUMBER
International Standard Book Number 9780007251513
082 ## - DEWEY DECIMAL CLASSIFICATION NUMBER
Classification number 813.54
Item number K828
100 ## - MAIN ENTRY--PERSONAL NAME
Personal name Koontz, Dean
245 #0 - TITLE STATEMENT
Title Forever odd
260 ## - PUBLICATION, DISTRIBUTION, ETC.
Place of publication, distribution, etc. New Delhi
Name of publisher, distributor, etc. Harper Collins Publishers
Date of publication, distribution, etc. 2006
300 ## - PHYSICAL DESCRIPTION
Extent 334 p.
942 ## - ADDED ENTRY ELEMENTS (KOHA)
Koha item type Books
Holdings
Withdrawn status Lost status Damaged status Not for loan Permanent Location Current Location Date acquired Source of acquisition Full call number Barcode Date last seen Price effective from Koha item type
        IMU Kolkata IMU Kolkata 2023-08-01 Gifted by Shailendra S Kathait (6049) 813.54 K828 G01150 2023-08-01 2023-08-01 Books
Designed and Maintained by IMU-KC Library, Kolkata Campus © Copyright All Rights Reserved

webs counters

Powered by Koha